Microeconomics (Record no. 45)

000 -LEADER
fixed length control field 00535nam a22002177a 4500
003 - CONTROL NUMBER IDENTIFIER
control field OSt
005 - DATE AND TIME OF LATEST TRANSACTION
control field 20210528110211.0
008 - FIXED-LENGTH DATA ELEMENTS--GENERAL INFORMATION
fixed length control field 210528b ||||| |||| 00| 0 eng d
020 ## - INTERNATIONAL STANDARD BOOK NUMBER
International Standard Book Number 9780321561961
040 ## - CATALOGING SOURCE
Transcribing agency Alupe University
050 ## - LIBRARY OF CONGRESS CALL NUMBER
Classification number HB172
Item number .R35 2011
245 ## - TITLE STATEMENT
Title Microeconomics
250 ## - EDITION STATEMENT
Edition statement 13th
Remainder of edition statement Canadian
260 ## - PUBLICATION, DISTRIBUTION, ETC.
Name of publisher, distributor, etc. Pearson Addison Wesley
Date of publication, distribution, etc. 2011
300 ## - PHYSICAL DESCRIPTION
Extent 891p
500 ## - GENERAL NOTE
General note includes indexes
650 ## - SUBJECT ADDED ENTRY--TOPICAL TERM
General subdivision Microeconomics
700 ## - ADDED ENTRY--PERSONAL NAME
Fuller form of name Richard G. Lipsey
942 ## - ADDED ENTRY ELEMENTS (KOHA)
Source of classification or shelving scheme
Koha item type Book
Suppress in OPAC MW
Holdings
Withdrawn status Lost status Source of classification or shelving scheme Damaged status Not for loan Permanent Location Current Location Shelving location Date acquired Total Checkouts Full call number Barcode Date last seen Price effective from Koha item type Public note
          AU LIBRARY AU LIBRARY Open Shelf 28.05.2021   HB172 .R35 2011 28002502 28.05.2021 28.05.2021 Book MW

Powered by Koha